| 000 | 00933nam a2200181 a 4500 | ||
|---|---|---|---|
| 001 | BRCA_218 | ||
| 005 | 20190320202924.0 | ||
| 008 | 751206s1911 mx-a---###---#000-0#spa-# | ||
| 040 |
_aDLC _cFU _dOCoLC |
||
| 050 | 4 |
_aF1232 _b.C76 1911 |
|
| 245 | 1 | 0 |
_aCrónica oficial de las fiestas del primer centenario de la independencia de México publicada bajo la dirección de Genaro García _cnota introductoria por Manuel Cortina Portilla. |
| 260 |
_aMéxico _bMuseo Nacional _c1911 |
||
| 300 |
_aviii p., 1 l., 307 p., 1 l., 139, vii, [1] p. _bil. _c40 cm. |
||
| 500 | _aFacsímil de: Crónica oficial de las fiestas del primer centenario de la Independencia de México publicada bajo la dirección de Genaro García por acuerdo de la Secretaría de Gobernación. México : Talleres del Museo nacional, 1911 | ||
| 651 | 4 |
_aMéxico _xHistoria _yGuerra de Independencia, 1810-1821 _9754 |
|
| 700 | 1 |
_aCortina Portilla, Manuel _9755 |
|
| 942 |
_2lcc _cB |
||
| 999 |
_c178 _d178 |
||